[Event "Let's Play Chess!"]
[Site "http://www.queenalice.com/game.php?id=280898"]
[Date "2007.10.4"]
[Round "-"]
[White "Nightmoves83"]
[Black "ronmos14"]
[Result "1-0"]
[WhiteElo "1755"]
[BlackElo "1429"]

1. e4 d5 2. exd5 Qxd5 3. Nc3 Qe5+ 4. Qe2 Qxe2+ 5. Bxe2 Bf5 6. d3 Nc6 7. Nf3
O-O-O 8. Bd2 g6 9. O-O-O b6 10. Kb1 e6 11. h3 Nf6 12. g4 Nxg4 13. hxg4 Bxg4 14.
Be3 h5 15. Ne4 a5 16. Neg5 Rd7 17. Rdg1 Bg7 18. Bd1 Rf8 19. Ne4 a4 20. a3 Rd5
21. Ned2 Rb5 22. c3 Ne5 23. Nxe5 Bxe5 24. Bxa4 Rd5 25. Bc2 Rb5 26. d4 Bd6 27.
Kc1 c5 28. dxc5 bxc5 29. Ne4 Rd8 30. Bg5 Rd7 31. Ba4 Ra5 32. Bxd7+ Kxd7 33. Nf6+
Kc6 34. Nxg4 hxg4 35. Rxg4 f5 36. Rgh4 Kd5 37. Rh6 e5 38. Rxg6 e4 39. Rd1+ Ke5
40. Rdxd6 f4 41. Kc2 f3 42. Ra6 Kf5 43. Rxa5 1-0

[Event "Let's Play Chess!"]
[Site "http://www.queenalice.com/game.php?id=280901"]
[Date "2007.10.4"]
[Round "-"]
[White "hk1960"]
[Black "Nightmoves83"]
[Result "0-1"]
[WhiteElo "965"]
[BlackElo "1677"]

1. e4 e6 2. e5 d5 3. Qf3 Nc6 4. d3 Nxe5 5. Qe3 Qd6 6. d4 Ng4 7. Qg5 e5 8. Bd2
Be7 9. Qxg7 Bf6 10. c3 Bxg7 11. Be2 exd4 12. cxd4 Qf6 13. Nf3 Bf5 14. Nc3 Ne7
15. Nb5 O-O 16. Nxc7 Rac8 17. Ne5 Nxe5 18. Nb5 N5c6 19. Rc1 a6 20. Nc3 Nxd4 21.
Bf3 Nxf3+ 22. Ke2 Nxd2 23. Kxd2 Rfd8 24. a4 d4 25. Ke1 dxc3 26. Ke2 Qe6+ 27. Kf1
Bd3+ 28. Kg1 cxb2 29. Rd1 b1=Q 30. Rxb1 Bxb1 0-1

[Event "Let's Play Chess!"]
[Site "http://www.queenalice.com/game.php?id=280902"]
[Date "2007.10.4"]
[Round "-"]
[White "Nightmoves83"]
[Black "MrRonMosley"]
[Result "1-0"]
[WhiteElo "1312"]
[BlackElo "1693"]

1. e4 a6 2. d4 d6 3. Nf3 Bd7 4. Nc3 Bg4 5. h3 Bd7 6. Bc4 h6 7. e5 dxe5 8. Nxe5
Be6 9. Bxe6 fxe6 10. Qh5+ g6 11. Qxg6# 1-0

[Event "Let's Play Chess!"]
[Site "http://www.queenalice.com/game.php?id=281095"]
[Date "2007.10.4"]
[Round "-"]
[White "Nightmoves83"]
[Black "BrunoBr"]
[Result "0-1"]
[WhiteElo "1500"]
[BlackElo "1524"]

1. e4 d5 2. exd5 Qxd5 3. Nc3 Qa5 4. d4 Nf6 5. Bd2 Bg4 6. Nf3 Nc6 7. Bb5 Qb6 8.
Bxc6+ Qxc6 9. Qe2 Bxf3 10. gxf3 O-O-O 11. Be3 e6 12. a3 Kb8 13. O-O-O Nd5 14.
Rhg1 Nxc3 15. bxc3 Bxa3+ 0-1

[Event "Let's Play Chess!"]
[Site "http://www.queenalice.com/game.php?id=281096"]
[Date "2007.10.4"]
[Round "-"]
[White "jmarcen"]
[Black "Nightmoves83"]
[Result "1-0"]
[WhiteElo "2067"]
[BlackElo "1745"]

1. e4 e6 2. d4 d5 3. Nd2 c5 4. c3 cxd4 5. cxd4 Bd7 6. Ne2 Qa5 7. Nc3 Bb4 8. Qc2
dxe4 9. Ndxe4 Ne7 10. Bd3 Nf5 11. Be3 Nc6 12. O-O Ncxd4 13. Bxd4 Nxd4 14. Qd1
O-O 15. a3 Bxc3 16. Nxc3 Rac8 17. Bxh7+ Kxh7 18. Qxd4 Rfd8 19. Rfd1 Bc6 20. Qh4+
Kg8 21. Ne4 Bxe4 22. Qxe4 Qc7 23. h4 Rxd1+ 24. Rxd1 Qc2 25. Qxc2 Rxc2 26. Rd8+
Kh7 27. Rd7 Rxb2 28. Rxf7 Rb6 29. Rd7 Kg6 30. Rd3 Rc6 31. g4 Rc5 32. Kg2 b5 33.
Kg3 a5 34. f4 Kh7 35. h5 g6 36. Rd7+ Kh6 37. g5+ Rxg5+ 38. fxg5+ Kxg5 39. hxg6
Kxg6 40. Kf4 1-0

[Event "Let's Play Chess!"]
[Site "http://www.queenalice.com/game.php?id=281097"]
[Date "2007.10.4"]
[Round "-"]
[White "Nightmoves83"]
[Black "jmarcen"]
[Result "0-1"]
[WhiteElo "1677"]
[BlackElo "2088"]

1. e4 c5 2. Nc3 g6 3. g3 Bg7 4. Bg2 d6 5. d3 Nf6 6. h3 O-O 7. Nge2 Nc6 8. Be3
Qc7 9. f4 b6 10. O-O Bb7 11. a3 Rad8 12. Bd2 Nh5 13. Qe1 Nd4 14. Rc1 Nxe2+ 15.
Qxe2 Nxg3 16. Qg4 Nxf1 17. Rxf1 e6 18. h4 d5 19. exd5 exd5 20. Rf2 Bd4 0-1

[Event "Challenge"]
[Site "http://www.queenalice.com/game.php?id=285071"]
[Date "2007.10.12"]
[Round "-"]
[White "Nightmoves83"]
[Black "DeepRabbit"]
[Result "0-1"]
[WhiteElo "1638"]
[BlackElo "1813"]

1. e4 e5 2. Nc3 Nc6 3. g3 Nf6 4. Bg2 Bc5 5. d3 a6 6. Nge2 O-O 7. O-O d6 8. h3
Be6 9. Nd5 Bxd5 10. exd5 Ne7 11. Bg5 Nf5 12. Kh2 h6 13. Bd2 Re8 14. Nc3 Qd7 15.
Ne4 Nxd5 16. Nxc5 dxc5 17. Qg4 Nf6 18. Qd1 c6 19. b4 e4 20. Bc3 e3 21. fxe3 Nxe3
22. Qf3 Nxf1+ 23. Rxf1 Nd5 24. Bd2 cxb4 25. Qh5 Re7 26. Bxd5 Qxd5 27. Qxd5 cxd5
28. Rf2 a5 0-1

[Event "Challenge"]
[Site "http://www.queenalice.com/game.php?id=291008"]
[Date "2007.10.22"]
[Round "-"]
[White "Nightmoves83"]
[Black "technicaldraw"]
[Result "1-0"]
[WhiteElo "1681"]
[BlackElo "1925"]

1. e4 e6 2. d4 d5 3. exd5 exd5 4. Nf3 Nc6 5. Bd3 Bd6 6. O-O Bg4 7. Qe1+ Nge7 8.
Nbd2 O-O 9. h3 Bh5 10. c3 Re8 11. Qd1 Qd7 12. Qc2 Ng6 13. Bf5 1-0

[Event "Challenge"]
[Site "http://www.queenalice.com/game.php?id=291636"]
[Date "2007.10.23"]
[Round "-"]
[White "technicaldraw"]
[Black "Nightmoves83"]
[Result "1/2-1/2"]
[WhiteElo "1946"]
[BlackElo "1738"]

1. e4 e6 2. d4 d5 3. Nc3 Nf6 4. Bg5 dxe4 5. Nxe4 Be7 6. Bxf6 Bxf6 7. Nf3 O-O 8.
c3 b6 9. Nxf6+ Qxf6 10. Be2 Bb7 11. O-O Nd7 12. Qc2 Rad8 13. Rad1 a6 14. h3 Rfe8
15. Rfe1 b5 16. Ne5 Qg5 17. Bf3 Bxf3 18. Nxf3 Qg6 19. Qxg6 hxg6 20. Ne5 Nxe5
1/2-1/2

[Event "Challenge"]
[Site "http://www.queenalice.com/game.php?id=296859"]
[Date "2007.11.2"]
[Round "-"]
[White "TMG"]
[Black "Nightmoves83"]
[Result "1-0"]
[WhiteElo "1837"]
[BlackElo "1761"]

1. e4 e6 2. d4 d5 3. Nc3 Nf6 4. Bg5 Be7 5. e5 Nfd7 6. h4 Bxg5 7. hxg5 Qxg5 8.
Nh3 Qe7 9. Nf4 O-O 10. Qd2 f6 11. Nfxd5 exd5 12. Nxd5 Qd8 13. Bc4 Kh8 14. Qd3 h6
15. Qg6 c6 16. Rxh6+ 1-0

[Event "Let's Play Chess!"]
[Site "http://www.queenalice.com/game.php?id=297542"]
[Date "2007.11.3"]
[Round "-"]
[White "Nightmoves83"]
[Black "mogerio"]
[Result "1-0"]
[WhiteElo "1699"]
[BlackElo "1221"]

1. e4 e5 2. Nc3 Nf6 3. g3 Nc6 4. Bg2 d6 5. d3 Be7 6. h3 O-O 7. Nge2 Be6 8. f4
exf4 9. Bxf4 Qd7 10. Nd5 Bxd5 11. exd5 Nb4 12. Nc3 c6 13. dxc6 Qxc6 14. Bxc6
bxc6 15. Qd2 Bd8 16. O-O-O Re8 17. Bxd6 Re6 18. Bxb4 Bc7 19. g4 c5 20. Bxc5 Rae8
21. Bxa7 h6 22. Rhe1 g6 23. Rxe6 fxe6 24. Qxh6 Nd5 25. Qxg6+ Kf8 26. Bc5+ Bd6
27. Bxd6+ Ne7 28. Rf1# 1-0

[Event "Let's Play Chess!"]
[Site "http://www.queenalice.com/game.php?id=297544"]
[Date "2007.11.3"]
[Round "-"]
[White "mogerio"]
[Black "Nightmoves83"]
[Result "0-1"]
[WhiteElo "1274"]
[BlackElo "1761"]

1. e4 e6 2. d4 d5 3. exd5 exd5 4. Qe2+ Be7 5. Nf3 Nf6 6. Nc3 O-O 7. Qd3 Re8 8.
Ng5 Nc6 9. Bf4 Nb4 10. Qh3 Bxh3 11. gxh3 Nxc2+ 12. Kd1 Nxa1 13. Bd3 Bd6 14. Bxd6
Qxd6 15. Nb5 Qf4 16. Rg1 Qxf2 17. Rg4 Qe1# 0-1

[Event "Let's Play Chess!"]
[Site "http://www.queenalice.com/game.php?id=297545"]
[Date "2007.11.3"]
[Round "-"]
[White "Nightmoves83"]
[Black "mogerio"]
[Result "1-0"]
[WhiteElo "1660"]
[BlackElo "1483"]

1. e4 e5 2. Nf3 Nc6 3. c3 Nf6 4. Bd3 Bc5 5. O-O Nh5 6. Bc2 O-O 7. Nxe5 Re8 8.
Nxc6 bxc6 9. Qxh5 Rxe4 10. Bxe4 d5 11. Qxh7+ Kf8 12. Qh8+ Ke7 13. Qxd8+ Kxd8 14.
Bf3 Ba6 15. Re1 Kd7 16. d4 Bb6 17. Bg5 f6 18. Bh4 Rh8 19. Bg4+ Kd6 20. Re6+ Kd7
21. Rxf6+ Ke7 22. Rh6+ Kf8 23. Rxh8+ Kf7 24. Rd8 c5 25. Rxd5 Bb7 26. Rd7+ Kg6
27. Nd2 cxd4 28. cxd4 Bc6 29. Re7 Bxd4 30. Re6+ Kf7 31. Rxc6 Bxb2 32. Re1 g6 33.
Rxc7+ Kf8 34. Nc4 a6 35. Nxb2 g5 36. Bxg5 a5 37. Rd1 Ke8 38. Rd8# 1-0

[Event "Let's Play Chess!"]
[Site "http://www.queenalice.com/game.php?id=297546"]
[Date "2007.11.3"]
[Round "-"]
[White "mogerio"]
[Black "Nightmoves83"]
[Result "0-1"]
[WhiteElo "1266"]
[BlackElo "1660"]

1. e4 e6 2. d4 d5 3. exd5 exd5 4. Qe2+ Be6 5. Nf3 Be7 6. Nc3 Nf6 7. Bf4 O-O 8.
Ng5 Bd7 9. Qf3 c6 10. Be5 Bg4 11. Qd3 Nbd7 12. h3 Bh5 13. Bxf6 Nxf6 14. g4 Bg6
15. Qg3 Ne4 16. Qh4 Bxg5 17. Qxg5 Nxg5 18. h4 Nf3+ 19. Ke2 Nxd4+ 20. Ke3 Nxc2+
21. Kd2 Nxa1 22. Ne2 Re8 23. Nd4 Re4 24. Nf3 Qf6 25. Bd3 Rf4 26. Bxg6 hxg6 27.
h5 Rxf3 28. Rxa1 Qd4+ 29. Ke2 Qxf2+ 30. Kd1 Re8 31. hxg6 Re1# 0-1

[Event "Challenge"]
[Site "http://www.queenalice.com/game.php?id=299186"]
[Date "2007.11.6"]
[Round "-"]
[White "TMG"]
[Black "Nightmoves83"]
[Result "1-0"]
[WhiteElo "1881"]
[BlackElo "1739"]

1. e4 e6 2. d4 d5 3. Nd2 Nc6 4. Ngf3 Nf6 5. e5 Nd7 6. Bd3 Nb4 7. Be2 Be7 8. c3
Nc6 9. O-O f6 10. Bb5 O-O 11. Qa4 Nb6 12. Qc2 fxe5 13. Bxc6 bxc6 14. Nxe5 Bb7
15. Ndf3 Bf6 16. Re1 Qe7 17. b3 c5 18. Ba3 Nd7 19. Nxd7 1-0

[Event "Challenge"]
[Site "http://www.queenalice.com/game.php?id=311602"]
[Date "2007.11.28"]
[Round "-"]
[White "jwh"]
[Black "Nightmoves83"]
[Result "1-0"]
[WhiteElo "1817"]
[BlackElo "1699"]

1. e4 e6 2. d4 d5 3. Nc3 Bb4 4. e5 c5 5. a3 Bxc3+ 6. bxc3 Nc6 7. Nf3 Nge7 8. a4
O-O 9. Be2 cxd4 10. cxd4 Qc7 11. O-O f6 12. exf6 Rxf6 13. Bg5 Rg6 14. c3 Nf5 15.
Qc1 Nce7 16. Bd3 b6 17. Ne5 Rxg5 18. Qxg5 Qxc3 19. Bxf5 Nxf5 20. Qd8# 1-0

[Event "Challenge"]
[Site "http://www.queenalice.com/game.php?id=315830"]
[Date "2007.12.6"]
[Round "-"]
[White "Nightmoves83"]
[Black "Ahlkhanvio"]
[Result "0-1"]
[WhiteElo "1671"]
[BlackElo "1839"]

1. e4 e6 2. d4 d5 3. Nc3 Nf6 4. e5 Nfd7 5. Nf3 c5 6. b3 cxd4 7. Qxd4 Nc6 8. Qe3
Bc5 9. Qd2 Ndxe5 10. Nxe5 Nxe5 11. Bb2 Bd7 12. O-O-O f6 13. f3 Qa5 14. Kb1 O-O-O
15. Be2 Kb8 16. f4 Nc6 17. Na4 Qxd2 18. Rxd2 Be3 0-1

[Event "Challenge"]
[Site "http://www.queenalice.com/game.php?id=316226"]
[Date "2007.12.6"]
[Round "-"]
[White "boonen"]
[Black "Nightmoves83"]
[Result "1-0"]
[WhiteElo "1705"]
[BlackElo "1723"]

1. e4 e6 2. f4 d5 3. Nc3 dxe4 4. Nxe4 Nf6 5. Nxf6+ Qxf6 6. d4 Bd6 7. g3 O-O 8.
Bg2 c6 9. b3 Re8 10. Bb2 Bb4+ 11. c3 1-0

[Event "Let's Play Chess!"]
[Site "http://www.queenalice.com/game.php?id=341980"]
[Date "2008.1.24"]
[Round "-"]
[White "Nightmoves83"]
[Black "marvgiff"]
[Result "0-1"]
[WhiteElo "1657"]
[BlackElo "1582"]

1. e4 c5 2. Nc3 d6 3. g3 Nf6 4. Bg2 Nc6 5. d3 e6 6. f4 Be7 7. Nf3 O-O 8. O-O Nd4
9. Be3 Nxf3+ 10. Bxf3 b5 11. a3 Ba6 12. Rf2 Rb8 13. h3 b4 14. axb4 cxb4 15. Ne2
Bb7 16. Rxa7 d5 17. e5 Nd7 18. Nd4 Bc5 19. Qd2 Bxa7 20. Nb3 Bxe3 21. Qxe3 Nb6
22. Nc5 Qc7 23. Nxb7 Rxb7 24. d4 Nc4 25. Qc1 Qb6 26. b3 Na3 27. Rd2 Rc7 28. Bd1
Rfc8 29. c4 dxc4 0-1

[Event "Let's Play Chess!"]
[Site "http://www.queenalice.com/game.php?id=341981"]
[Date "2008.1.24"]
[Round "-"]
[White "marvgiff"]
[Black "Nightmoves83"]
[Result "1-0"]
[WhiteElo "1676"]
[BlackElo "1629"]

1. e4 e6 2. d4 d5 3. exd5 exd5 4. Qe2+ Be6 5. Qb5+ Nc6 6. Qxb7 Nxd4 7. Bd3 Qb8
8. Qxb8+ Rxb8 9. Nf3 Nxf3+ 10. gxf3 Bd6 11. O-O Ne7 12. Nc3 c6 13. f4 Nf5 14.
Bxf5 Bxf5 15. Re1+ Be7 16. b3 Rb7 17. Bb2 Bxc2 18. Ne2 O-O 19. Nd4 Bg6 20. f5
Bh5 21. Nxc6 Bg5 22. Ne5 Bf6 23. Bd4 h6 24. Rac1 Bxe5 25. Rxe5 Bf3 26. Rce1 Rb4
27. Bc5 Rg4+ 28. Kf1 Rc8 29. b4 Bg2+ 30. Ke2 Re4+ 31. Rxe4 dxe4 32. Rg1 Bf3+ 33.
Ke3 Re8 34. Bxa7 Ra8 35. Bc5 Rxa2 36. Kf4 Rc2 37. Ra1 g6 38. f6 Rc4 39. Ra8+ Kh7
40. Rf8 1-0

[Event "Challenge"]
[Site "http://www.queenalice.com/game.php?id=343975"]
[Date "2008.1.28"]
[Round "-"]
[White "Gera"]
[Black "Nightmoves83"]
[Result "1-0"]
[WhiteElo "1760"]
[BlackElo "1670"]

1. e4 e6 2. d4 d5 3. exd5 exd5 4. Be3 Nc6 5. c4 Nf6 6. a3 Be6 7. cxd5 Nxd5 8.
Nf3 Be7 9. Qd2 O-O 10. Nc3 f5 11. Ng5 Bf7 12. Bc4 Bxg5 13. Bxg5 Qe8+ 14. Be2
Nxc3 15. bxc3 Bh5 16. f3 h6 17. Bh4 f4 18. O-O Qe3+ 19. Qxe3 fxe3 20. Rfe1 Rae8
21. Rab1 Na5 22. Rb5 1-0